Mercados e instituciones financieros (Registro nro. 282)
[ vista simple ]
| 000 -LEADER | |
|---|---|
| fixed length control field | 01656 a2200229 4500 |
| 001 - CONTROL NUMBER | |
| control field | 3102 |
| 005 - DATE AND TIME OF LATEST TRANSACTION | |
| control field | 20260407155424.0 |
| 008 - FIXED-LENGTH DATA ELEMENTS--GENERAL INFORMATION | |
| fixed length control field | 260407a2001 arg spa d |
| 003 - CONTROL NUMBER IDENTIFIER | |
| control field | AR-UNSa-BCEJYS |
| 040 ## - CATALOGING SOURCE | |
| Original cataloging agency | AR-UNSa-BCEJYS |
| Language of cataloging | spa |
| Transcribing agency | AR-UNSa-BCEJYS |
| 080 ## - UNIVERSAL DECIMAL CLASSIFICATION NUMBER | |
| Universal Decimal Classification number | 339.745 |
| Common auxiliary subdivision | Política sobre el mercado de divisas |
| 020 ## - INTERNATIONAL STANDARD BOOK NUMBER | |
| International Standard Book Number | 970-686-132-7 |
| 100 1# - MAIN ENTRY--PERSONAL NAME | |
| Personal name | Madura, Jeff |
| 245 10 - TITLE STATEMENT | |
| Title | Mercados e instituciones financieros |
| 250 ## - EDITION STATEMENT | |
| Edition statement | 5a. ed. |
| 264 #1 - PRODUCTION, PUBLICATION, DISTRIBUTION, MANUFACTURE, AND COPYRIGHT NOTICE | |
| Place of production, publication, distribution, manufacture | México : |
| Name of producer, publisher, distributor, manufacturer | Thomson Learning |
| Date of production, publication, distribution, manufacture, or copyright notice | 2001 |
| 300 ## - PHYSICAL DESCRIPTION | |
| Extent | xx, 698 p. |
| Dimensions | 24 cm. |
| 505 ## - FORMATTED CONTENTS NOTE | |
| Formatted contents note | 1. Papel de los mercados e instituciones financieras - 2. Determinación de las tasas de interés - 3. Estructura de las tasas de interés - 4. Funciones de la Fed - 5. Teoría y política monetarias - 6. Mercado de dinero - 7. Mercados de bonos - 8. Valuación y riesgo de bonos - 9. Mercados hìpotecarios - 10. Mercados accionarios - 11. Valuación y riesgo de acciones - 12. Mercados de futuros financieros - 13. Mercados de opciones - 14. Mercados de derivadas de tasas de interés - 15. Mercados de derivados de divisas - 16. Operaciones de la banca comercial - 17. Regulación bancaria - 18. Administración bancaria - 19. Desempeño bancario - 20. Banca internacional - 21. Operaciones de ahorros - 22. Operaciones de financiamiento al consumidor - 23. Operaciones de sociedades de inversión - 24. Operaciones con valores - 25. Operaciones de seguros - 26. Operaciones de fondos de pensiones - 27. Uniones de crédito. |
| 590 ## - LOCAL NOTE (RLIN) | |
| Local note | niveau_biblio:m niveau_hierar:0 |
| 856 41 - ELECTRONIC LOCATION AND ACCESS | |
| Uniform Resource Identifier | <a href="https://biblioeco.unsa.edu.ar/pmb/images/libros/Mercado e instituciones-l117900.jpg">https://biblioeco.unsa.edu.ar/pmb/images/libros/Mercado e instituciones-l117900.jpg</a> |
| Link text | Imagen de portada |
| Electronic format type | image/jpeg |
| 942 ## - ADDED ENTRY ELEMENTS (KOHA) | |
| Koha item type | |
| Withdrawn status | Lost status | Damaged status | Not for loan | Home library | Current library | Shelving location | Date acquired | Total checkouts | Full call number | Barcode | Date last seen | Price effective from | Koha item type |
|---|---|---|---|---|---|---|---|---|---|---|---|---|---|
| Biblioteca Prof. Eusebio Cleto del Rey | Biblioteca Prof. Eusebio Cleto del Rey | 07/04/2026 | 339.745 M178 | L117900 | 07/04/2026 | 07/04/2026 | Libro |